000 00337 a2200157 4500
001 58449
020 _a8576790165
040 _cAnchieta - Pituba
100 _aBorja, Caroline
240 1 0 _aUma segunda chance
_lpor
245 1 0 _aUma segunda chance
300 _a195
362 0 _a2005
650 4 _aFicção brasileira
942 _cBK
999 _c58449
_d58449